书目信息 |
| 题名: |
从万历到康熙
|
|
| 作者: | 朱永嘉 著 | |
| 分册: | ||
| 出版信息: | 济南 山东人民出版社 2023 |
|
| 页数: | 645页 | |
| 开本: | 21cm | |
| 丛书名: | 朱永嘉作品系列 | |
| 单 册: | ||
| 中图分类: | D691.21 | |
| 科图分类: | ||
| 主题词: | 政治制度史--研究--中国--晚明--清前期 | |
| 电子资源: | ||
| ISBN: | 978-7-209-13691-4 | |
| 000 | 01073nam 2200265 450 | |
| 001 | 012024000176 | |
| 005 | 20240924225024.0 | |
| 010 | @a978-7-209-13691-4@b精装@dCNY88.00 | |
| 100 | @a20240924d2023 em y0chiy50 ea | |
| 101 | 0 | @achi |
| 102 | @aCN@b370000 | |
| 105 | @ay z 000yy | |
| 106 | @ar | |
| 200 | 1 | @a从万历到康熙@Acong wan li dao kang xi@e一次历史周期率的典型剖析@f朱永嘉著 |
| 210 | @a济南@c山东人民出版社@d2023 | |
| 215 | @a645页@d21cm | |
| 225 | 2 | @a朱永嘉作品系列 |
| 330 | @a本书是朱永嘉先生继《明代政治制度的源流与得失》之后又一部明史研究专著。本书从明代后期财政问题及社会演变讲起,叙述明朝灭亡与清朝建立的经过,以及清初巩固统治、加强对边疆地区控制的具体情况,重点在于总结明亡清兴的历史经验教训。 | |
| 410 | 0 | @12001 @a朱永嘉作品系列 |
| 517 | 1 | @a一次历史周期率的典型剖析@Ayi ci li shi zhou qi lu de dian xing pou xi |
| 606 | 0 | @a政治制度史@x研究@y中国@z晚明@z清前期 |
| 690 | @aD691.21@v5 | |
| 701 | 0 | @a朱永嘉@Azhu yong jia@4著 |
| 801 | 0 | @aCN@bAHXH@c20240924 |
| 905 | @b214137058@b214137067@b214137076@b214137085@b214137094@dD691.21@e335@f5 | |
| 从万历到康熙:一次历史周期率的典型剖析/朱永嘉著.-济南:山东人民出版社,2023 |
| 645页;21cm.-(朱永嘉作品系列) |
| ISBN 978-7-209-13691-4(精装):CNY88.00 |
| 本书是朱永嘉先生继《明代政治制度的源流与得失》之后又一部明史研究专著。本书从明代后期财政问题及社会演变讲起,叙述明朝灭亡与清朝建立的经过,以及清初巩固统治、加强对边疆地区控制的具体情况,重点在于总结明亡清兴的历史经验教训。 |
| ● |
| 相关链接 |
|
|
|
|
正题名:从万历到康熙
索取号:D691.21/335
 
预约/预借
| 序号 | 登录号 | 条形码 | 馆藏地/架位号 | 状态 | 备注 |
| 1 | 1413705 | 214137058 | 第一样本阅览室/ [索取号:D691.21/335] | 在馆 | |
| 2 | 1413706 | 214137067 | 第一借阅区/ [索取号:D691.21/335] | 在馆 | |
| 3 | 1413707 | 214137076 | 第一借阅区/ [索取号:D691.21/335] | 在馆 | |
| 4 | 1413708 | 214137085 | 第一借阅区/ [索取号:D691.21/335] | 在馆 | |
| 5 | 1413709 | 214137094 | 第一借阅区/ [索取号:D691.21/335] | 在馆 |